| 000 | 00675nam a2200193 a 4500 | ||
|---|---|---|---|
| 001 | 0739 | ||
| 005 | 20140414131850.0 | ||
| 008 | 040927s19uu xx 00 eng d | ||
| 020 | _a1-56293-335-3 | ||
| 050 |
_aM 595.7 _bN23 1993 |
||
| 100 | _aNayer, Judy | ||
| 245 |
_aInsects at your fingertips / _cwritten by Judy Nayer ; illustrated by Grace Goldberg. |
||
| 260 |
_aNew York : _bMcClanahan Book, _c1993. |
||
| 300 | _ap. : ill. ; cm. | ||
| 440 | _aAt your fingertips | ||
| 520 | _aInsects explores the huge family of six-legged creatures, from busy bees and fast-flying dragonflies to noisy crickets and beautiful butterflies. | ||
| 999 |
_c110167 _d110167 |
||